Ideológiai önigazolás vagy szellemi szabadság még egyszer az Iszonyról és viszonyaink alakulásáról /

Elmentve itt :
Bibliográfiai részletek
Szerző: Fejér Ádám
További közreműködők: Vekerdi László
Németh László
Dokumentumtípus: Cikk
Megjelent: 1994
Sorozat:Tiszatáj 48 No. 3
Kulcsszavak:Magyar irodalom - regény - kritika - vita, Németh László, Vekerdi László
Online Access:http://tiszataj.bibl.u-szeged.hu/15570
LEADER 00776nab a2200205 i 4500
001 tisza15570
005 20200330153758.0
008 170323s1994 hu o 0|| hun d
022 |a 0133-1167 
040 |a SZTE Tiszatáj Archívum  |b hun 
041 |a hun 
100 1 |a Fejér Ádám 
245 1 0 |a Ideológiai önigazolás vagy szellemi szabadság   |h [elektronikus dokumentum] :  |b még egyszer az Iszonyról és viszonyaink alakulásáról /  |c  Fejér Ádám 
260 |c 1994 
300 |a 94-96 
490 0 |a Tiszatáj  |v 48 No. 3 
695 |a Magyar irodalom - regény - kritika - vita, Németh László, Vekerdi László 
700 0 1 |a Vekerdi László 
700 0 1 |a Németh László 
856 4 0 |u http://tiszataj.bibl.u-szeged.hu/15570/1/tiszataj_1994_003_094-096.pdf  |z Dokumentum-elérés